000 00390 a2200157 4500
001 92159
020 _a9789695638530
082 _a954.9103 QAS
090 _c44121
_d44120
100 _aQasim Mehmood, Syed
245 _aEncyclopedia Pakistanika
_hUrdu
260 _aLahore
_bAl Faisal
_c2014
300 _a1100p.
_bHb
500 _aReference Book
740 _aPakistan encyclopedia
942 _aCAE NUST
_k954.9103 QAS
999 _c327232
_d327232